000 00346 a2200169 4500
001 175410
020 _a85-06-01788-2
040 _cMagnum
100 _aSpence, M.
240 1 0 _aEnergia solar
_lpor
245 1 0 _aEnergia solar
300 _a
362 0 _a1993
440 1 _aMelhoramentos
697 _aEDUCAÇÃO AMBIENTAL
942 _cBK
999 _c175410
_d175410